000 00447cam a2200181ua 4500
001 5335
005 20260515113851.0
008 120818n ii |||gr||||Z||||||eng
020 _a0-393-97279-8
040 _cMAIN
082 _a821
100 1 _aHill, Robert W.,
_eEditor,
245 1 0 _aTennyson`s poetry
_cby Robert W. Hill
250 _a2nd.
260 _aNew delhi:
_bViva books pvt. ltd.,
_c2005.
300 _aviii;703p:
_c18cm.
942 _cBK
999 _c4512
_d4512